000
00325nam a2200145Ia 4500
005
20260601105536.0
082
_a
610.7
_b
N00H
100
_a
HAWORTH, KEVIN
245
_a
NCLEX- RN REVIEW : MADE INCREDIBLY EASY
250
_a
1ST
260
_b
LIPPINCOTT
_a
INDIA
_c
2000
300
_a
747
650
_a
NURSING
942
_2
ddc
_c
BK
999
_c
2358
_d
2358